All Polish PLS volleyball clubs - Statistics

General Stats
  • This quiz has been taken 17 times
  • The average score is 17 of 32
Answer Stats
Seasons Club name % Correct
22 Projekt Warszawa
94%
25 ZAKSA Kędzierzyn-Koźle
94%
21 Resovia Rzeszów
88%
8 Warta Zawiercie
88%
25 Jastrzębski Węgiel Jastrzębie-Zdrój
81%
24 Skra Bełchatów
81%
5 Gwardia Wrocław
75%
25 AZS Olsztyn
63%
10 Cuprum Lubin
63%
3 Morze Bałtyk Szczecin
63%
2 Norwid Częstochowa
63%
2.375 Stocznia Szczecin
63%
15 Trefl Gdańsk
63%
17 AZS Częstochowa
56%
1 Cuprum-Stilon Gorzów Wielkopolski
56%
6 Ślepsk Suwałki
56%
10 Stal Nysa
56%
14 BKS Bydgoszcz
50%
8 MKS Będzin
50%
3 Kazhany Lviv
44%
4 LKPS Lublin
44%
13 Czarni Radom
38%
9 GKS Katowice
38%
2 GTPS Gorzów Wielkopolski
38%
4 Jadar Radom
38%
8 KPS Kielce
31%
6 Płomień Sosnowiec
31%
7 BBTS Bielsko-Biała
25%
1 Joker Piła
19%
1 Górnik Radlin
6%
2 Stolarka Wołomin
6%
2 WKS Wieluń
6%
No matching quizzes found
Score Distribution
Percent of People with Each Score
Percentile by Number Answered
Your Score History
You have not taken this quiz